• 首页
  • 本馆介绍
  • 公告通知
  • 最新文献
  • 馆藏检索
  • 电子资源
  • 读者导购
  • 参考咨询
  • 我的图书馆
  • 登录
  • 详细信息显示
  • 放入我的书架
  • 预约/预借图书
  • 作者相关作品
  • 分类相关作品
  • 丛书相关作品
  • 出版社相关作品

书目信息

  • 表格格式
  • 工作单格式
  • 卡片格式
题名:
中学数学课程与教学论
    
 
作者: 黄宁生 , 李善良 主编
分册:  
出版信息: 长春   东北师范大学出版社  2006
页数: 288页
开本: 21cm
丛书名:
单 册:
中图分类: G633.6 , G632.3
科图分类:
主题词: 数学--教学研究--中学--师范大学--教材
电子资源:
ISBN: 7-5602-2474-1
000 00918nam0 2200253 450
001 1541036878
005 20150119112431.14
010    @a7-5602-2474-1@dCNY9.80
100    @a20070420d2006 em y0chiy50 ea
101 0  @achi
102    @aCN@b220000
105    @ay z 000yy
200 1  @a中学数学课程与教学论@9zhong xue shu xue ke cheng yu jiao xue lun@f李善良主编@Fli shan liang zhu bian
210    @a长春@c东北师范大学出版社@d2006
215    @a288页@d21cm
300    @a全国高等师范专科学校教材
330    @a本书介绍了中学数学课程、数学学习的认知规律和基础、数学教学模式与方法、教学设计、数学教学技能训练、数学教学测量与评价、数学教师的专业发展等内容。
606 0  @a数学@x教学研究@x中学@x师范大学@j教材
690    @aG633.6@v5
690    @aG632.3@v4
701  0 @a黄宁生@9huang ning sheng@f(1955~)@4主编
701  0 @a李善良@Ali shan liang@4主编
801  0 @aCN@bTSSF@c20150119
905    @aZUCC@dG632.3@eJY173
    
    中学数学课程与教学论/李善良主编.-长春:东北师范大学出版社,2006
    288页;21cm
    全国高等师范专科学校教材
    
    ISBN 7-5602-2474-1:CNY9.80
    本书介绍了中学数学课程、数学学习的认知规律和基础、数学教学模式与方法、教学设计、数学教学技能训练、数学教学测量与评价、数学教师的专业发展等内容。
●
相关链接 在E读中查询图书 在五车中查询图书 在当当中查询图书 在豆瓣中查询图书


正题名:中学数学课程与教学论     索取号:G632.3/JY173         预约/预借

序号 登录号 条形码 馆藏地/架位号 状态 备注
1 7847578   278475785   学院路分馆/ [索取号:G632.3/JY173] 在馆    
唐山师范学院图书馆 欢迎您!
大连网信软件有限公司© 版权所有